Lean thinking: Banish Waste and create wealth in your corporation

I tiakina i:
Ngā taipitopito rārangi puna kōrero
Ngā kaituhi matua: Womack, James P (Author), Jones, Daniel T (Author)
Hōputu: Pukapuka
Reo:Ingarihi
I whakaputaina: Nueva York Simon & Schuster 1996
Ngā marau:
Ngā Tūtohu: Tāpirihia he Tūtohu
Kāore He Tūtohu, Me noho koe te mea tuatahi ki te tūtohu i tēnei pūkete!

MARC

LEADER 00000nam a2200000 a 4500
001 UCL3620
003 CL-VaPUC
008 031128e19960000US |||||||||||||||||eng|d
020 |a 0684810352 
082 0 4 |a 658  |b WOM  |2 21 
100 0 |a Womack, James P  |e author  |9 480972 
700 |a Jones, Daniel T  |e author  |9 480973 
245 1 0 |a Lean thinking: Banish Waste and create wealth in your corporation 
300 |a 350 p 
942 |c BK 
945 |d 20031128 00:00:00  |a cmena 
260 |a Nueva York  |b Simon & Schuster  |c 1996 
650 0 |a Administración de empresas   |9 260833 
650 0 |a Planificación estratégica   |9 259735 
650 0 |a Control de calidad   |9 259714 
650 0 |a Productividad   |9 335972 
583 |a last modification  |c 20160929 10:11:05  |k Rodrigo Vera 
999 |c 306638  |d 306636 
952 |0 0  |1 0  |4 0  |6 658_000000000000000_WOM_1996  |7 0  |8 A  |9 371787  |a BIBING  |b BIBING  |d 2019-11-21  |i 3926443  |o 658 WOM 1996  |p 3926443  |r 2025-01-20  |w 2019-11-21  |y BK  |k EII